| 000 | 00544nam a2200157Ia 4500 | ||
|---|---|---|---|
| 008 | 210716s2018 xx 000 0 und d | ||
| 020 | _a9789352862719 | ||
| 041 | _aeng | ||
| 082 | _a005.763 SHAR | ||
| 100 | _aSharda, Ramesh;Delen, Dursun;Turban, Efraim;Aronson J E;Liang, TIing Peng;King, David. | ||
| 245 |
_aBusiness intelligence: a managerial perspective on analytics. _bManagerial perspective on analytics. |
||
| 250 | _a3 | ||
| 260 |
_aNew Delhi _bPearson Education _c2018 |
||
| 300 | _a410 | ||
| 650 | _aManagement Information Systems | ||
| 999 |
_c196305 _d196305 |
||